00862nac a22002657a 4500001001000000003000900010005001700019008003400036040005400070072000800124100002200132100001900154100002100173110006100194245014200255260003200397300000900429490009900438650001000537650001200547650001100559650001000570650000700580650000900587BR8901142BR-BrBNA20240105120921.0230509b bl.|||m| |||| 00| 0 por d aBR-BrBNAbporcBiblioteca Nacional de Agricultura aL011 aOliveira, N.M. de1 aMoraes, J.C.F.1 aSilveira, V.C.P.1 aCentro Nacional de Pesquisa de Ovinos, Bage, RS (Brasil)1 aEstudo sobre sistemas alternativos de tosquias e de manejo a paricao para producao de carne e la em ovinos Corriedale em pastagem natural3 aBage, RS (Brasil): c1988.  a3 p. aPesquisa em Andamento - Centro Nacional de Pesquisa de Ovinos (Brazil)vno. 13xISSN 0101-9740 aOVINO aTOSQUIA aMANEJO aCARNE aLA aBAGE